Auditoria energética de primer nivel en el módulo II de la Empresa Maquiladora Rocedes Apparel S.A.

Presenta una auditoría energética de primer nivel en el Módulo II de la Empresa Maquiladora Rocedes Apparel S. A. Se desarrolló de manera integral involucrando todos los focos de consumo energético de acuerdo a la estructura o sistema de trabajo de la planta de empaque, plantea una descripció...

Full description

Bibliographic Details
Main Authors: Pérez García, Constantino Enrique, Jiménez González, Dimas Antonio
Other Authors: Tutor: Barrios González, Abelardo
Format: Tesis Section = Libro
Language:Undetermined
Spanish
Published: Managua UNI 2007
Subjects:
LEADER 01436nam a2200265Ia 4500
008 240830s9999 xx 000 0 und d
040 |a BIBLIOTECA-RUPAP Mon 621.3 P438 
041 |a spa 
082 |a Mon 621.3 P438 
100 1 |a Pérez García, Constantino Enrique 
100 1 |b  Jiménez González, Dimas Antonio 
245 1 0 |a Auditoria energética de primer nivel en el módulo II de la Empresa Maquiladora Rocedes Apparel S.A. 
260 |a Managua  |b UNI  |c 2007 
300 |a 129 p. :il. 
500 |a Contiene: anexos. 
502 |a Tesis (Ingeniero Industrial)- UNI, 2007. 
520 3 |a Presenta una auditoría energética de primer nivel en el Módulo II de la Empresa Maquiladora Rocedes Apparel S. A. Se desarrolló de manera integral involucrando todos los focos de consumo energético de acuerdo a la estructura o sistema de trabajo de la planta de empaque, plantea una descripción del proceso y determinación de la capacidad instalada; determinación de máximos consumidores y análisis de carga; diagnóstico de la carga; Plan de ahorro energético. 
650 7 |a NGENIERIA ELECTRICA - AUDITORIA ENERGETICA - MAQUILADORA ROCEDES 
650 7 |b CONSUMO DE ENERGÍA - PLANTA DE EMPAQUE 
650 7 |c PROPUESTA AHORRO ENERGETICO 
650 7 |d CONSERVACION DE ENERGIA ELÉCTRICA - MAQUILA ROCEDES 
700 1 |a Tutor:  |b Barrios González, Abelardo 
942 |c BK  |2 ddc 
991 |a TESIS 
999 |c 15724